| 000 | 00439nam a2200169Ia 4500 | ||
|---|---|---|---|
| 003 | GCL | ||
| 008 | 140319s9999 xx 000 0 eng d | ||
| 040 |
_aGCL / _cGCL |
||
| 082 | 0 | 4 |
_a632.58 _bK M |
| 100 | 1 | _aVAN LAAR, H.H. | |
| 245 | 1 | 0 |
_aMEDELLING CROP-WEED INTERACTIONS / _cVAN LAAR, H.H. |
| 700 | 1 | _aKROPFF,M.J. | |
| 260 |
_a[S.N] : _bC. A. B INTERNATIONAL ، _c1993 |
||
| 300 | _a274 P | ||
| 650 | 0 | 4 | _aCROP - WEED |
| 942 |
_2ddc _cBK |
||
| 999 |
_c16684 _d16684 |
||